Culture Générale - Série 113 - Statistiques

Statistiques générales
  • Ce quiz a été pris 550 fois
  • Le résultat moyen est 7 sur 10
Statistiques - réponses
Question Réponse % Correct
Combien de fois Elizabeth Taylor s'est-elle mariée ? 8 fois
92%
Dans la mythologie grecque, qui est le père de la déesse Athéna ? Zeus
88%
Quelle ville est représentée en Ligue 1 de football par le LOSC ? Lille
78%
Selon le proverbe, quel animal veut-on noyer en l'accusant d'avoir la rage ? Son chien
78%
Dans quelle gare parisienne prend-on le train pour Londres ? Gare du Nord
75%
Quel numéro porte le département du Loir-et-Cher ? 41
70%
Quel animal est Spip, le compagnon de Spirou ? Ecureuil
67%
Quel sport pratiquent ensemble les 4 amis d'"Un éléphant ça trompe.énormément.." ? Tennis
61%
Qui incarne "le Guignolo" devant la caméra de Georges Lautner en 1980 ? Jean-Paul Belmondo
52%
A qui doit-on le tube "Macumba" en 1984 ? Jean-Pierre Mader
43%
Aucun quiz correspondant
Distribution des résultats
% des personnes avec chaque résultat
Percentile par nombre de réponses
Votre historique - résultats
Vous n’avez pas pris ce quiz